00305nam a2200109Ia 4500003000400000008004100004040001600045082002300061245001800084260003600102490005700138GCL140319s9999 xx 000 0 ara d aGCL / cGCL04aطb813.088bر م10aفتح مكة a[S.N] : bدار الفردوس aسلسلة معارك الاسلام الكبرىv0